| 000 | 00927nam a22002777a 4500 | ||
|---|---|---|---|
| 999 |
_c176109 _d176109 |
||
| 005 | 20201109134516.0 | ||
| 008 | 080827t xxu||||| |||| 00| 0 eng d | ||
| 010 | _aB-094140 | ||
| 020 |
_a8131707334 _c325.00 |
||
| 035 | _aB-094140 | ||
| 037 |
_a064/10.6.08 _bUBH |
||
| 040 |
_aDPL _bEnglish |
||
| 082 | _a005.13 | ||
| 100 | _aUllman, Larry E. | ||
| 245 |
_aMySQL / _cby Larry Ullman |
||
| 250 | _a2nd ed. | ||
| 260 |
_aDelhi _bPearson Education _c2007 |
||
| 300 |
_axvi, 327 p. : _bill. ; _c23 cm (pbk) |
||
| 490 | _aVisual quickstart guide | ||
| 500 | _aIncludes index. | ||
| 500 | _a"Covers MySQL 4 and 5"--Cover. | ||
| 650 | _aSQL (Computer program language) | ||
| 856 |
_3Table of contents only _uhttp://www.loc.gov/catdir/toc/fy0702/2006284475.html |
||
| 942 |
_2ddc _cEN _h005.13 _mULL |
||